01314nam a2200301 i 4500001001000000003000900010005001700019007000300036008004100039040003000080041000800110082001900118245004100137264008600178300002700264336002700291337003300318338002800351490002500379590002600404910000700430942001400437952013400451952013200585952013900717952013900856999001700995000030113DO-SdBNP20251103085334.0ta110429s19uu dr 000 0 spa d aDO-SdBNPbspacBNPHUerda aspa axxxbA189s22200aAcuerdos sobre la reforma municipal. aSanto Domingo :bApoyo a las Iniciativas Democráticas,c[fecha no identificada] a64 páginas ;c28 cm. ardacontentbtexto2txt ardamediabsin mediación2n ardacarrierbvolumen2nc aFundación siglo 21 aInventariado, 2025/DG aDG 2ddccLBS1 00102ddc51708PDaBNPHUbBNPHUcCTd2011-04-29l0oBNPHU PD A189sp30113-10r2020-06-25w2020-06-25yLBS1zIntecZNo se presta 00102ddc51708PDaBNPHUbBNPHUcCTd2025-11-03edonaciónl0oBNPHU PD A189sp2025-12333r2025-11-03te.2w2025-11-03yLBS1 00102ddc56708DSaBNPHUbBNPHUcCTd2025-11-03edonaciónl0oBNPHU DS A189sp2025-12334r2025-11-03te.3w2025-11-03yLBS1zIntec 00102ddc56708DSaBNPHUbBNPHUcCTd2025-11-03edonaciónl0oBNPHU DS A189sp2025-12336r2025-11-03te.4w2025-11-03yLBS1zIntec c29605d29605